[Event "GER-ch U14 Girls"]
[Site "Willingen"]
[Date "2023.05.28"]
[Round "2"]
[White "Lorenz, Rebecca"]
[Black "Mueller, Cosima"]
[Result "0-1"]
[WhiteElo "770"]
[BlackElo "1521"]
[PlyCount "66"]
[EventDate "2023.05.27"]
[EventType "swiss"]
[EventRounds "9"]
[EventCountry "GER"]
[SourceTitle "CBM 214 Extra"]
[Source "ChessBase"]
[SourceDate "2023.07.31"]
[SourceVersion "1"]
[SourceVersionDate "2023.07.31"]
[SourceQuality "1"]

1. e4 c5 2. c4 Nc6 3. Nf3 g6 4. g4 Bg7 5. d3 d6 6. Be3 Bxb2 7. Nbd2 Bxa1 8. Qxa1 e5 9. Nb3 Bxg4 10. Ng1 Qb6 11. Be2 Bxe2 12. Nxe2 Nb4 13. Qb1 h6 14. a3 Nc6 15. Qb2 Nf6 16. 0-0 0-0-0 17. Ra1 Ng4 18. Kg2 Nxe3+ 19. fxe3 f5 20. exf5 gxf5 21. Kh1 Rhg8 22. Qb1 Na5 23. Nd2 Qc6+ 24. e4 fxe4 25. dxe4 Qd7 26. Qf1 Rdf8 27. Qe1 Qh3 28. Ng3 h5 29. Kg1 h4 30. Qe2 hxg3 31. Kh1 Rf2 32. Qxf2 gxf2 33. Nf1 Rg1# 0-1

[Event "GER-ch U14 Girls"]
[Site "Willingen"]
[Date "2022.06.11"]
[Round "9"]
[White "Eichhorn, Mathilda Sophie"]
[Black "Lorenz, Rebecca"]
[Result "1-0"]
[WhiteElo "1330"]
[BlackElo "733"]
[PlyCount "49"]
[EventDate "2022.06.04"]
[EventType "swiss"]
[EventRounds "9"]
[EventCountry "GER"]
[SourceTitle "CBM 208 Extra"]
[Source "ChessBase"]
[SourceDate "2022.07.31"]
[SourceVersion "1"]
[SourceVersionDate "2022.07.31"]
[SourceQuality "1"]

1. e4 e5 2. Nf3 Nf6 3. Nc3 Bc5 4. Bc4 d6 5. h3 0-0 6. d3 Nc6 7. Bg5 Qe7 8. Nd5 Qd8 9. Qd2 Be6 10. Bxf6 gxf6 11. Qh6 Bxd5 12. Bxd5 Nb4 13. Bb3 Qe7 14. g4 Rfd8 15. a3 Nc6 16. g5 fxg5 17. Nxg5 Qxg5 18. Qxg5+ Kf8 19. Qf5 Rd7 20. Qxd7 Nd8 21. Rg1 Bb6 22. 0-0-0 h6 23. Rg2 c6 24. Qxd6+ Ke8 25. Rg8# 1-0